Modern American English : Workbook 1

Shranjeno v:
Bibliografske podrobnosti
Glavni avtor: Robert J.Dixson
Format: Knjiga
Jezik:Undetermined
Izdano: Englewood Cliffs, New Jersey Prentice Hall 1992
Teme:
Oznake: Označite
Brez oznak, prvi označite!
Thư viện lưu trữ: Trung tâm Học liệu Trường Đại học Cần Thơ
LEADER 00547nam a2200193Ia 4500
001 CTU_53251
008 210402s9999 xx 000 0 und d
020 |b 73000 
082 |a 428.24 
082 |b D621w/T1 
100 |a Robert J.Dixson 
245 0 |a Modern American English : Workbook 1 
245 0 |c Robert J.Dixson 
260 |a Englewood Cliffs, New Jersey 
260 |b Prentice Hall 
260 |c 1992 
650 |a english language 
650 |x textbooks for foreign speakers 
980 |a Trung tâm Học liệu Trường Đại học Cần Thơ